| 000 | 00509nam a22001577a 4500 | ||
|---|---|---|---|
| 003 | SGT | ||
| 020 | _a9788120307520 | ||
| 082 | _a621.38154 | ||
| 100 | _aHELFRICK D. ALBERT | ||
| 245 | _aMODERN ELECTRONIC INSTRUMENTATION AND MEASUREMENT TECHNIQUES | ||
| 260 |
_aNEW DELHI _bPHI _c2015 |
||
| 300 | _a445 | ||
| 650 | _aAPPLIED PHYSICS | ||
| 653 | _aMEASUREMENT AND ERROR, SYSTEM OF UNITS OF MEASUREMENT, STANDARDS OF MEASUREMENT, BRIDGE MEASUREMENTS, OSCILLOSCOPES, SIGNAL GENERATION | ||
| 942 |
_2ddc _cFPS |
||
| 999 |
_c9412 _d9412 |
||